LEADER 01740nam 2200421Ia 450 001 996393714203316 005 20200824121655.0 035 $a(CKB)4940000000115823 035 $a(EEBO)2240864829 035 $a(UnM)99900491e 035 $a(UnM)99900491 035 $a(EXLCZ)994940000000115823 100 $a19990114d1622 uy | 101 0 $aeng 135 $aurbn||||a|bb| 200 10$aBel. 1622$b[electronic resource] $eA new almanacke and prognostication, seruing for the yeare of your Lord God, M. DC. XXII. being the second after Leape-yeare. Composed and calculated especially according to the scituation of the citie of Norwich, yet with small errour may serue for all England. By George Bell student in Mathematicks, and practitioner in physicke 210 $aLondon $cprinted for the company of Stationers$d[1622] 215 $a[40] p. $cill., tables, diagrams 300 $aTitle page and calender printed in red and black. 300 $aDate of publication from STC. 300 $a"Bell, 1622. A prognostication, for the yeare of our Lore God, 1622." has separate title page; register is continuous. 300 $aSignatures: [A]-B C?. 300 $aReproduction of original in the Lambeth Palace, London, England. 330 $aeebo-0076 606 $aAlmanacs, English$vEarly works to 1800 606 $aEphemerides$vEarly works to 1800 606 $aAstrology$vEarly works to 1800 615 0$aAlmanacs, English 615 0$aEphemerides 615 0$aAstrology 700 $aBell$b George$cstudent in mathematicks.$084918 801 0$bCu-RivES 801 1$bCu-RivES 801 2$bWaOLN 906 $aBOOK 912 $a996393714203316 996 $aBel. 1622$92405815 997 $aUNISA LEADER 00846nam a2200229 i 4500 001 991004360735307536 005 20250114142327.0 008 250114s1999 fr er 001 0 fre d 020 $a2130502024 040 $aBibl. Dip.le Aggr. Studi Umanistici - Sez. Filosofia$bita$cSocioculturale Scs 041 0 $afre 082 04$a126.092$223 245 00$aDescartes et la question du sujet /$ccoordonne par Kim Sang Ong-Van-Cung 260 $aParis :$bPresses universitaires de France,$c1999 300 $a167 p. ;$c19 cm 490 1 $aDébats philosophiques 600 14$aDescartes, René$xSoggetto$xConcezione 700 1 $aOng-Van-Cung, Kim Sang$eauthor$4http://id.loc.gov/vocabulary/relators/aut$0731554 830 0$aDébats philosophiques 912 $a991004360735307536 996 $aDescartes et la question du sujet$94307434 997 $aUNISALENTO